Universitarios de todo el mundo colaboraron en las Excavaciones de Ampurias
Colección:
San Jorge,
; núm. 20 (octubre 1955), pàg 86
Idioma:
Español
MARC
| LEADER | 00000naa a2200000 a 4500 | ||
|---|---|---|---|
| 003 | Arxiu | ||
| 005 | 20260324181040.0 | ||
| 008 | 160829s1955 spcaxx s spa c | ||
| 245 | 0 | 0 | |a Universitarios de todo el mundo colaboraron en las Excavaciones de Ampurias |
| 490 | |a San Jorge, |v núm. 20 (octubre 1955), pàg 86 | ||
| 650 | 0 | |a Excavacions arqueològiques |z Girona (Província) |9 33570 | |
| 651 | 0 | |a Empúries (Ciutat antiga) |9 54667 | |
| 773 | |g Núm. 20 (octubre 1955), pàg 86 |t San Jorge. | ||
| 901 | |a Arxiu | ||
| 942 | |n 1 |2 udc |c ART | ||
| 952 | |0 0 |1 0 |4 0 |6 REV510 |7 1 |9 65454 |a Arxiu |b Arxiu |d 2023-03-06 |l 0 |o Rev-510 |r 2023-03-06 00:00:00 |w 2023-03-06 |y ARXIU |z També disponible a Rev-524 | ||
| 999 | |c 49008 |d 49008 | ||